| 000 | 00813nam a2200241 i 4500 | ||
|---|---|---|---|
| 001 | bgj | ||
| 100 | 1 | _aOLECHOWSKA, Teresa. | |
| 245 | 0 |
_aTo B.E. or not to B.E. : _bbusiness English can be fun / _cTeresa Olechowska ; John Anderson. |
|
| 260 |
_aWarszawa : _bWydawnictwa Szkolne i Pedagogiczne, _c1997 _e(Warszawa). |
||
| 300 |
_a270 pp : _bill. ; _c24 cm. |
||
| 490 | 1 | _aTeacher's Resource Library | |
| 650 | 9 |
_aEnglish language _xStudy and teaching |
|
| 650 | 9 |
_aEconomical sciences _xVocabulary |
|
| 650 | 9 |
_aEnglish language _xBusiness English |
|
| 650 | 9 |
_aEnglish for Special Purposes _xBusiness |
|
| 830 | _aTeacher's Resource Library | ||
| 020 | _a8302063800 (pbk) | ||
| 040 | _cBPK | ||
| 041 | _aeng | ||
| 920 | _a83-02-06380-0 (pbk) | ||
| 942 | _cKS | ||
| 008 | s uk f |000 0 eng | ||
| 999 |
_c48299 _d48299 |
||